MARC

LEADER 00000nam0a2200000 4500
001 325192
005 20231102003736.0
035 |a (RuTPU)RU\TPU\book\350803 
090 |a 325192 
100 |a 20161130d1978 m y0rusy50 ca 
101 0 |a rus 
102 |a RU 
105 |a a z 000zy 
200 1 |a Самолет Ан-24. Конструкция и эксплуатация  |f Ж. С. Черненко, Г. С. Лагосюк, Б. И. Горовой 
205 |a 3-е изд., перераб. и доп. 
210 |a Москва  |c Транспорт  |d 1978 
215 |a 311 с.  |c ил. 
606 1 |a Самолет АН-24  |x Электрооборудование  |2 stltpush  |3 (RuTPU)RU\TPU\subj\53589  |9 71758 
610 1 |a самолетостроение 
610 1 |a самолеты 
610 1 |a управление 
610 1 |a конструкции 
610 1 |a шасси 
610 1 |a самолеты 
610 1 |a гидравлические системы 
610 1 |a силовые установки 
610 1 |a высотное оборудование 
610 1 |a противообледенительные системы 
610 1 |a приборное оборудование 
610 1 |a бытовое оборудование 
610 1 |a техническая эксплуатация 
610 1 |a аэродинамика 
675 |a 629.735  |v 4 
700 1 |a Черненко  |b Ж. С.  |g Жан Сергеевич 
701 1 |a Лагосюк  |b Г. С.  |g Герман Семенович 
701 1 |a Горовой  |b Б. И.  |g Борис Иосифович 
801 1 |a RU  |b 63413507  |c 20161130 
801 2 |a RU  |b 63413507  |c 20200710  |g RCR 
942 |c BK